000 00602nam a2200229Ia 4500
003 OSt
005 20220924121700.0
006 a|||||r|||| 00| 0
007 ta
008 220923b |||||||| |||| 00| 0 urd d
024 _a315116
037 _cTextual
040 _aARTS
_cARTS
_burd
041 _2urd
_aurd
082 _aO168,1NNA,1, M9
100 _aWazahat Naseem
_9186900
245 0 _aKhwab dareeche
260 _aKarachi
_bAfsar Pakistan
_c1989
650 _aURDU POETRY
942 _hO168,1NNA,1, M9
_cTEXL
_2CC
999 _c408589
_d408589